banner

Evaluar para conocer, examinar para excluir / (Registro nro. 1589)

000 -LEADER
fixed length control field 01210nam a22002297 4500
003 - CONTROL NUMBER IDENTIFIER
control field AR-BaISA
005 - DATE AND TIME OF LATEST TRANSACTION
control field 20240411154529.0
008 - FIXED-LENGTH DATA ELEMENTS--GENERAL INFORMATION
fixed length control field 240410s2014 ag |||| |||| 000 0 spa d
020 ## - INTERNATIONAL STANDARD BOOK NUMBER
International Standard Book Number 9788471124623
040 ## - CATALOGING SOURCE
Language of cataloging spa
Transcribing agency AR-BaISA
082 04 - DEWEY DECIMAL CLASSIFICATION NUMBER
Edition number 22
Classification number 371.26 Al76
100 ## - MAIN ENTRY--PERSONAL NAME
9 (RLIN) 3321
Personal name Álvarez Méndez, Juan Manuel
245 10 - TITLE STATEMENT
Title Evaluar para conocer, examinar para excluir /
Statement of responsibility, etc. Juan Manuel Álvarez Méndez
260 ## - PUBLICATION, DISTRIBUTION, ETC.
Place of publication, distribution, etc. Madrid:
Name of publisher, distributor, etc. Morata,
Date of publication, distribution, etc. 2014
300 ## - PHYSICAL DESCRIPTION
Extent 126 p.
490 1# - SERIES STATEMENT
Serie Razones y propuestas educativas
501 ## - WITH NOTE
With note Bibliografía p.: 124-126.
505 ## - FORMATTED CONTENTS NOTE
Title El campo semántico de la evaluación. Más allá de las definiciones --
-- Naturaleza y sentido de la evaluación en educación --
-- La retórica de la evaluación --
-- La cara oculta de la evaluación: la cuestión ética y práctica --
-- La estructura de la evaluación --
-- La evaluación como actividad crítica de conocimiento --
-- De técnicas y recursos de la evaluación: la importancia (relativa) de los métodos --
-- Aprender de los errores. Aprender de las preguntas Sugerencias para la acción reflexiva y crítica
650 10 - SUBJECT ADDED ENTRY--TOPICAL TERM
9 (RLIN) 305
Topical term or geographic name entry element Evaluación educativa
830 1# - SERIES ADDED ENTRY--UNIFORM TITLE
9 (RLIN) 3337
Uniform title Razones y propuestas educativas
942 ## - ADDED ENTRY ELEMENTS (KOHA)
Source of classification or shelving scheme
Koha item type Libros
Edition 22
Existencias
Withdrawn status Lost status Source of classification or shelving scheme Damaged status Not for loan Permanent Location Current Location Date acquired Inventory number Total Checkouts Full call number Barcode Date last seen Date last checked out Copy number Price effective from Koha item type
          Biblioteca ISALUD. Dr. Néstor Rodríguez Campoamor Biblioteca ISALUD. Dr. Néstor Rodríguez Campoamor 2024-04-10 5225 1 371.26 Al76 5225 2024-07-17 2024-07-12 ej. 1 2024-04-10 Libros
          Biblioteca ISALUD. Dr. Néstor Rodríguez Campoamor Biblioteca ISALUD. Dr. Néstor Rodríguez Campoamor 2024-04-10 5226   371.26 Al76 5226 2024-04-10   ej. 2 2024-04-10 Libros